000 00292nam a22001217a 4500
040 _cHS
082 _a333 TIS 1990 C085
100 _aTISDEL CLEMENT A.
245 _aNatural resources, growth, and development
260 _aNew York
_bTISDEL CLEMENT A.
_c1990
300 _a186p;
942 _cEK
999 _c11074
_d11074